02692nam a2200265 a 4500003000500000005001700005007001500022008004100037035001100078040000900089100003800098245021300136264004100349300005900390336002700449337002900476338004000505502002800545520164900573650004902222650001302271650003702284700005202321856005302373CHAP20240920134955.0cr ||||||a|c|a101105s2010 mx r 00010 spa d a111334 cCHAP1 aPérez Figueroa, Sara Elizabeth.10aDeterminación del desempeño de los anclajes de cinturones de seguridad montados a los acientos de tractores agrícolasc/por Sara Elizabeth Pérez Figueroa; director de tesis Luciano Pérez Sobrevilla. 1aChapingo, Méx. :bEl autor,c2010. a1 recurso en línea (95 páginas):bfiguras, tablas. 2rdacontentatextobtxt 2rdamediaacomputadorabc 2rdacarrierarecursos en líneabcr bIMAgcMecánicad2010. aEl tractor es una de las máquinas de más empleadas por los agricultores, por lo tanto, es fundamental identificar los riesgos que se pueden derivar del manejo de los mismos y además implementar medidas de prevención mediante dispositivos de seguridad. El cinturón de seguridad es un dispositivo muy importante cuando se habla de la seguridad de los operadores de tractores agrícolas. Conocer el desempeño de estos dispositivos es de suma importancia ya que no basta con que se encuentre presente, sino que además hay que asegurarse que realice correctamente la función para el que fue diseñado. En este sentido, a partir de 2008, el código 4 de la OECD establece los requerimientos para la evaluación de los anclajes de los cinturones de seguridad que se encuentran montados en los asientos de tractores agrícolas. Por lo anterior, el objetivo de este trabajo fue determinar el desempeño de los anclajes de los cinturones de seguridad con base a lo establecido en el código 4 de la OECD, todo esto como parte del proceso de evaluación del desempeño de estos dispositivos. Aquí se describe la metodología para la medición de los parámetros requeridos, el equipo para su aplicación, control y monitoreo de cargas, los elementos de sujeción del asiento, entre otros. También se muestran los resultados obtenidos en 4 asientos de diferentes marcas con la finalidad de validar la metodología propuesta. La determinación del desempeño de estos elementos es muy importante ya que, éste coadyuva a garantizar la seguridad del operador de tractores agrícolas al momento que suceda una volcadura.14aMaquinaria agrícolaxMedidas de seguridad.14aRiesgos.14aTractoresxMedidas de seguridad.0 aPérez Sobrevilla, LucianoeDirector de tesis. uhttp://10.13.5.2/tesis/111334.pdfzDESCARGAR PDF